00874nam a2200205 a 450000100100000000500170001000800410002702000150006804000250008310000270010824501190013526000530025430000360030749000410034350000410038453400720042583000480049795201060054599900170065100003657620200930075816.0120120s1977 mx 000 0 spa d a8437501164 aDO-SdBNPbspacBNPHU1 aBock, Philip K.962845 0aIntroducción a la moderna antropología cultural /cPhilip K. Bock ; traductor de Carmen González de Chuaqui. aMéxico :bFondo de Cultura Económica,c1977. a584 p. :bil., retrs. ;c23 cm.1 aSección de obras de antropología aIncluye notas al pie de las página aTítulo original.tModern cultural anthropology : an introduction. 0aSección de obras de antropología962846 0010507-18MOaGRbGRcOId2012-01-20iLF1l0o p36576-10r2020-06-25w2020-06-25y1ZNo se presta c36067d36067